000 00438nam a2200169Ia 4500
001 23614
003 IN-NITTTR
005 20251114233305.0
008 251113s9999||||xx |||||||||||||| ||eng||
040 _beng
040 _cIN-NITTTR
041 _aeng
082 _a912.162131 C333P
100 _aCentral Board of Irrigation and Power,
245 0 _aPower map of india 1995. /
_cCentral Board of Irrigation and Power
942 _2ddc
_cBK
999 _c26243
_d26243